[Event "YUG-ch53"]
[Site "Belgrade "]
[Date "1998.03.23"]
[Round "10"]
[White "Drasko, Milan"]
[Black "Knezevic, Bojan"]
[Result "1-0"]
[WhiteElo "2515"]
[BlackElo "2420"]
[Annotator "Gershon,A"]
[PlyCount "83"]
[EventDate "1998.03.14"]
[EventType "tourn"]
[EventRounds "15"]
[EventCountry "YUG"]
[EventCategory "10"]
[SourceTitle "CBM 064"]
[Source "ChessBase"]
[SourceDate "1998.06.02"]
[SourceVersion "1"]
[SourceVersionDate "1998.06.02"]
[SourceQuality "1"]

1. d4 Nf6 2. c4 e6 3. Nc3 Bb4 4. Qc2 O-O 5. a3 Bxc3+ 6. Qxc3 b6 7. Bg5 c5 8.
dxc5 bxc5 9. e3 d6 10. Nf3 (10. Rd1 Nbd7 11. Rxd6 (11. Bd3 Rb8 12. Nf3 Qb6 13.
Rd2 Bb7 14. O-O Be4 15. Rc1 {1/2-1/2/Salov-Sax/Wijk/1992}) 11... Qc7 12. Rd1
Ne4 13. Qc2 Qa5+ 14. Ke2 Nxg5 15. h4 Ne4 16. Qxe4 Rb8 17. Rd2 (17. Qc2 Ne5 $1
$40 {/\Nxc4}) 17... Nb6 18. Kd1 Na4 $44 {0-1 Sherbakov,R-Goldin,A/RUS-chT
Moscow 1994 (27)}) (10. Bxf6 Qxf6 11. Qxf6 gxf6 12. O-O-O Rd8 13. Ne2 Nc6 14.
Nc3 Kf8 15. Kc2 Ke7 16. Be2 Rb8 17. b3 f5 18. f4 Bb7 $11 {0-1 Hillarp Persson,
T-Hjartarson,J/Aruna, Copenhagen DEN 1997 (32)}) (10. O-O-O $5 Ne4 11. Qd3 Nxf2
12. Bxd8 Nxd3+ 13. Bxd3 Rxd8 14. Be4 d5 15. cxd5 Bb7 (15... f5 16. Bf3 e5 17.
e4 Nd7 18. exf5 Nf6 19. g4 Bb7 20. Nh3 Bxd5 21. Bxd5+ Rxd5 22. Rxd5 Nxd5 23.
Re1 Re8 24. Nf2 g6 25. Ne4 gxf5 26. gxf5 Rf8 27. Ng3 Nf4 28. Kc2 Rf6 29. Rxe5
Rh6 30. Nf1 c4 31. Re4 Nd5 32. Rxc4 Rh5 33. Kd3 Rxf5 34. Ne3 Nxe3 35. Kxe3 a5
36. Rg4+ Kh8 37. h4 h5 38. Rf4 Rd5 39. b4 axb4 40. axb4 Kg7 41. Ke4 Rd2 42. Ke5
Rd1 43. Rd4 Rb1 44. Kd6 Kf7 45. Kc6 Rc1+ 46. Kd7 Kf6 47. Kd6 Kf5 48. b5 Rb1 49.
Kc5 {1-0 Schandorff,L-Stefansson,H/VISA ch-Nordic, Reykjavic ISL 1997}) 16. Ne2
Nd7 17. dxe6 Bxe4 18. e7 $1 $16 {1-0 Kasparov,G-Panno,O/Simul, Buenos Aires
ARG 1997 (37)}) (10. Ne2 Nbd7 11. Qc2 Qb6 12. Nc3 Rb8 13. Rb1 Bb7 14. Bd3 h6
15. Bxf6 Nxf6 16. O-O a5 17. Rfd1 Rfd8 18. Rd2 Bc6 19. Rbd1 Qc7 20. Be2 Qb7 21.
f3 Qc7 22. e4 $14 {Atalik,S-Kalesis,N/Ilioupolis 1995/1/2-1/2 (67)}) 10... Nbd7
11. Nd2 a5 12. Bd3 Bb7 13. O-O Re8 14. Rfe1 (14. Rad1 a4 15. Qc2 Qb6 16. Nb1
Rab8 17. Rd2 $14) 14... a4 15. f3 Ne5 16. Bf1 Ng6 (16... Ba6 17. Rad1 Rb8 18.
Qc2 $16 {[%csl Ga4]}) 17. Rad1 {So far every side was busy in placing his
peaces in best places according to their plans.} Ra6 {Black prepares for going
into the endgame(by h7-h6) and, therefore, defends the d6 pawn for after the
queen-exchange.} 18. f4 $6 {I don't like this move for 3 reasons: 1.It opens
the /^h1-a8 for black's bishop 2. Gives black the control over the important
e4 square 3.White will be forced to exchange his bishop( after h7-h6).} (18. e4
$142 {If white wanted to fight for advantage he should have tried to keeps
black's bishop closed and to keep the pair of bishops.} Rb6 19. Qc2 h6 20. Be3
Qc7 21. Nb1 Bc6 22. Rd2 Reb8 23. Nc3 $14 {[%csl Ga4,Yb2,Gd6]}) 18... h6 19.
Bxf6 Qxf6 20. Qxf6 gxf6 $11 21. Nb1 Kf8 (21... f5 22. Nc3 Nf8 23. Rd2 Nh7 24.
Red1 Rd8 25. Nb5 $16) 22. Nc3 Ke7 23. Rd2 f5 24. g3 Nf8 25. Bg2 Bxg2 26. Kxg2
Nd7 27. e4 fxe4 (27... Nb6 $142 28. exf5 Nxc4 29. Rde2 Kd7 30. Nd5 Rb8 31. Nf6+
Kc6 32. fxe6 fxe6 33. Rc2 Rxb2 34. Rxb2 Nxb2 35. Rxe6 Nc4 $15) 28. Nxe4 f5 {
Weakens the e6 square but there's not much black could do here beacause of the
d6 pawn.} (28... Nb8 $2 29. Red1 Rd8 30. Nxc5 $16) (28... Nf6 29. Nxf6 Kxf6 30.
Red1 Ke7 $11) 29. Nc3 Nf6 30. Rde2 Kd7 31. Kh3 Raa8 32. Kh4 Re7 33. Rd1 Ra7 $4
{Throws away a very solid position!} (33... Ra6 $11) 34. Rxd6+ $1 Kxd6 35. Nb5+
Kd7 (35... Kc6 36. Nxa7+ Rxa7 37. Rxe6+ $18) 36. Nxa7 {The rest is pointless.}
Ne4 37. Nb5 Kc6 38. Kh5 Rd7 39. Kxh6 Rd2 40. Rxd2 Nxd2 41. Nc3 Nxc4 42. Nxa4
1-0

[Event "Breda m"]
[Site "Breda"]
[Date "1998.05.12"]
[Round "5"]
[White "Van Wely, Loek"]
[Black "Timman, Jan H"]
[Result "1-0"]
[WhiteElo "2605"]
[BlackElo "2635"]
[Annotator "Gershon,A"]
[PlyCount "77"]
[EventDate "1998.05.07"]
[EventType "match"]
[EventRounds "10"]
[EventCountry "NED"]
[SourceTitle "CBM 065"]
[Source "ChessBase"]
[SourceDate "1998.08.06"]
[SourceVersion "1"]
[SourceVersionDate "1998.08.06"]
[SourceQuality "1"]

1. Nf3 Nf6 2. c4 e6 3. Nc3 Bb4 4. Qc2 O-O 5. a3 Bxc3 6. Qxc3 d6 7. d4 b6 8. Bg5
Bb7 9. Nd2 Nbd7 10. f3 d5 (10... h6 11. Bh4 Rc8 12. e4 c5 13. Bd3 d5 14. exd5
exd5 15. O-O cxd4 16. Qxd4 Nc5 17. Bxf6 Qxf6 18. Qxf6 gxf6 19. Bf5 Rcd8 20.
Rfe1 Ba6 21. Rac1 dxc4 22. Nxc4 Nb3 $14 {Kasparov,G-Kramnik,V/It, Linares ESP
1998/1/2-1/2 (52)}) 11. e3 Rc8 $6 (11... c5 $5 12. dxc5 (12. cxd5 exd5 13. Bb5
Qc8 14. Rc1 Ba6 15. a4 Bxb5 16. axb5 cxd4 (16... a6 $6 17. Bxf6 Nxf6 18. dxc5
bxc5 19. Qxc5 Qe6 20. O-O axb5 21. Qd4 $16 {Dreev,A (2630)-Salov,V (2680)
President's Cup 1998 (3.4) 1/2}) 17. exd4 Re8+ $13) 12... bxc5 13. Bd3 Qb6 14.
O-O h6 15. Bh4 a5 16. Bf2 a4 17. Rfe1 Rfe8 18. Rab1 Ba6 19. Qc2 Ne5 20. Bf1 Qc6
21. Bg3 Ned7 22. Bf2 Ne5 23. h3 $14 {1/2-1/2 Kramnik,V-Anand,V/It, Linares ESP
1998 (33)}) (11... Re8 $142 {Was tried by Timman in his next black game....}
12. Bd3 h6 13. Bh4 e5 14. O-O exd4 15. exd4 dxc4 16. Nxc4 Nf8 17. Ne5 Ne6 18.
Bc4 Nd5 19. Bxd8 Nxc3 20. bxc3 Raxd8 21. f4 Bd5 $11 {Van Wely,L-Timman,J/Breda
match (5)/1998/1/2-1/2}) 12. cxd5 exd5 (12... Nxd5 $5 13. Bxd8 Nxc3 14. Bh4 (
14. Bg5 Nd5 {/\ h6} 15. e4 h6 16. exd5 hxg5 17. dxe6 Rfe8 18. Bc4 Nf8 19. d5 c6
20. O-O cxd5 21. exf7+ Kxf7 22. Bb5 (22. Bb3 Re2 23. Rfd1 Ne6 {And black has
at least sufficient compensation for his damaged pawn structure.}) (22. Bd3 Re3
23. Bf5 Rce8 $13) 22... Red8 $14 (22... Bc6 23. Ba6 $16 {[%cal Gd2b3,Gb3d4,
Yf1d1,Ya1c1]})) 14... Nd5 15. Bf2 c5 (15... f5 $5 {[%cal Gc8e8,Ge6e5]}) 16. e4
N5f6 $14) 13. Bd3 h6 14. Bh4 Qe7 (14... c5 15. Bf5 {[%cal Gf5c8,Gh4d8] Here we
can see that the rook doesn't really help black on c8 but it helps white
instead.} Rc7 16. O-O {[%cal Gd4c5]}) 15. Bf5 Rce8 16. Bxd7 Qxd7 17. Bxf6 {
One of the advantages of having a pair of bishops is that it can easily be
tranformed into other positional gains.} gxf6 18. Kf2 $16 Re7 19. Nf1 Rfe8 20.
Re1 c5 21. Ng3 $1 {White is not interested in openong any lines in this
position.In this type of closed positions the knight is usually much better
then the bishop.Now black's bishop is safely 'burried' and white can simply
improve his position till he is ready to strike.} (21. dxc5 d4 22. Qd3 bxc5 $17
) 21... c4 $2 {Black should've tried to open up the position at any cost.After
the text he will simply choke without any counterplay as he's watching white's
pieces approaching his king.} (21... Rc8 $142 22. Qd3 (22. Nh5 $2 Qf5 23. g4
cxd4 24. Qxd4 (24. exd4 Qc2+ 25. Qxc2 Rxc2+ 26. Kg3 Re6 $13) 24... Rc2+ 25. Kg3
Qe5+) 22... cxd4 23. exd4 $16) 22. Nh5 {[%csl Gb7,Gf6,Gh6]} Qd6 23. g4 Rc7 24.
h4 {[%csl Rg8][%cal Ge1g1,Gg4g5]} Kf8 25. Qc2 $1 {[%csl Gf6,Gg7,Gh6,Yh7][%cal
Yc2h7]} c3 26. bxc3 Rec8 27. Qh7 $18 {21..c4 has cost black 3 tempis as he was
trying to open the c file afterwards.The rest is really just a matter of time.}
Rxc3 28. Re2 $1 {Taking away even the slightest chances.} Ba6 29. Rd2 Ke7 (
29... Qxa3 30. Qxh6+ Ke7 31. Qxf6+ Kf8 32. Qg7+ Ke7 33. Qe5+ $18) 30. Nf4 Rxa3
31. Qxh6 Rcc3 32. Re1 Rd3 33. Rxd3 Bxd3 34. h5 Bc4 35. g5 Ra2+ 36. Kg3 fxg5 37.
Qxg5+ Qf6 (37... Kf8 38. h6 Bd3 39. Qg7+ Ke7 40. e4 $18) 38. Qxf6+ Kxf6 39. h6
{[%cal Ge1h1,Gh6h7]} 1-0

[Event "Elbow Beach Club GM-A"]
[Site "Paget Parish"]
[Date "2001.01.22"]
[Round "3"]
[White "Gershon, Alik"]
[Black "Stefansson, Hannes"]
[Result "1/2-1/2"]
[WhiteElo "2540"]
[BlackElo "2570"]
[Annotator "Gershon,A"]
[PlyCount "84"]
[EventDate "2001.01.20"]
[EventType "tourn"]
[EventRounds "10"]
[EventCountry "BER"]
[EventCategory "13"]
[SourceTitle "CBM 081"]
[Source "ChessBase"]
[SourceDate "2001.03.20"]
[SourceVersion "1"]
[SourceVersionDate "2001.03.20"]
[SourceQuality "1"]

1. d4 Nf6 2. c4 e6 3. Nc3 Bb4 4. Qc2 O-O 5. a3 Bxc3+ 6. Qxc3 b6 7. Bg5 Ba6 8.
e3 d6 9. Bd3 Nbd7 10. Ne2 (10. Nf3 c5 11. d5 exd5 12. cxd5 Bb7 13. O-O-O Qe8
14. Qc4 Bxd5 15. Qf4 Be4 16. Qxd6 Bxd3 17. Rxd3 c4 18. Rd4 Rc8 19. e4 h6 20.
Bxh6 $1 Nc5 (20... gxh6 21. e5) 21. Bxg7 Nb3+ 22. Kb1 Nxd4 23. Qxf6 Qxe4+ 24.
Ka2 Nxf3 25. Bxf8 Rxf8 26. gxf3 $16 {1-0 Gurevich,M-Milov,V/Amsterdam NED 2000/
The Week in Chess 302 (38)}) 10... c5 (10... Rc8 11. b4 h6 12. Bh4 Ne4 13. Bxe4
Qxh4 14. Bc6 Nb8 15. Bf3 c6 16. O-O Nd7 17. Qc2 d5 18. cxd5 cxd5 19. Qa4 Bxe2
20. Bxe2 Rc7 $14 {1/2-1/2 Vera,R-Rozentalis,E/3rd Open, Malaga ESP 2000 (33)})
11. b4 ({Another main line is:} 11. Qb3 h6 12. Bh4 Rc8 13. Qa4 cxd4 (13... Bb7
14. O-O Qc7 15. Nc3 a6 16. Qd1 Rce8 17. Rc1 Qc6 18. f3 d5 19. cxd5 Nxd5 20. Bf2
$2 c4 21. Ne4 b5 22. b3 c3 23. Rc2 a5 24. Qe2 b4 25. axb4 axb4 $17 {0-1 San
Segundo Carrillo,P-Tiviakov,S/Mondariz ESP 2000/The Week in Chess 305 (40)})
14. exd4 Bb7 15. O-O e5 16. Bf5 Rc7 17. Rfd1 Qa8 18. Bxd7 Nxd7 19. f3 e4 20. f4
Re8 21. Nc3 Qc8 22. Nb5 Bc6 23. Qb4 $13 {0-1 Jelen,I-Zelcic,R/Ljubljana SLO
2000/The Week in Chess 294 (40)}) (11. Qc2 h6 12. Bh4 cxd4 13. exd4 e5 (13...
Rc8 14. Qa4 Bb7 15. O-O Bc6 (15... d5 16. cxd5 Bxd5 17. Ba6 Ra8 18. Nc3 Nb8 19.
Nxd5 Qxd5 20. Be2 Qd7 21. Bb5 Qd6 22. Bxf6 gxf6 23. Rfd1 $16 {1-0 Van Wely,
L-Timoshenko,G/Neum BIH 2000/The Week in Chess 309 (36)}) 16. Qd1 Qc7 17. Nc3
Rfe8 18. Re1 Qb7 19. f3 Qb8 20. Qd2 Bb7 21. Nb5 a6 22. Nc3 d5 23. cxd5 exd5 24.
Bf5 Rxe1+ 25. Rxe1 $14 {0-1 Yrjola,J-Vladimirov,E/Istanbul TUR 2000/The Week
in Chess 313 (49)}) 14. O-O Re8 15. Bf5 exd4 16. Nxd4 d5 17. Bxd7 Qxd7 18. Bxf6
gxf6 19. Rfd1 dxc4 20. Nf5 $16 {1-0 Savchenko,S-Anapolsky,S/Ordzhonikidze UKR
2000/The Week in Chess 295 (38)}) 11... cxd4 (11... h6 12. Bh4 cxd4 13. exd4
Rc8 14. Qb3 Qc7 15. Rc1 e5 16. dxe5 dxe5 17. Bg3 Nh5 18. O-O Nxg3 19. Nxg3 Nf6
20. Rfe1 Rfe8 21. Bf5 Rcd8 22. c5 bxc5 23. Rxc5 Qd6 $11 {1/2-1/2 Neverov,
V-Yuferov,S/St Petersburg RUS 2000/The Week in Chess 314 (49)}) 12. exd4 Rc8 {
Threatenning Bxc4 & d5} 13. Qb3 e5 14. Rc1 h6 15. Bh4 e4 16. Bb1 (16. Bxe4 $2
g5 17. Bf3 d5 (17... gxh4 18. b5 $18) (17... b5 18. cxb5 Rxc1+ 19. Nxc1 Bxb5
20. Bg3 Re8+ $36 {[%cal Gd8b6]}) 18. b5 Bb7 19. Bg3 Rxc4 20. Rxc4 dxc4 21. Qxc4
Bxf3 22. gxf3 Qa8 $44) 16... d5 17. b5 Bb7 18. O-O dxc4 19. Rxc4 Bd5 20. Rxc8
Qxc8 21. Qb2 Bb7 $2 (21... Qa8 $142 22. Rc1 Rc8 23. Nc3 $14 {White has a small
but steady edge}) 22. Ng3 $1 Qe8 (22... g5 $4 23. Nf5 $18) (22... Qc7 23. Nf5
Qf4 24. Ne7+ Kh8 25. Bg3 Qg5 26. Rc1 $16) (22... g6 23. d5 Nxd5 24. Nxe4 $16)
23. Nf5 Qe6 24. Ne3 {[%cal Gb1a2]} Rc8 25. Ba2 Nd5 26. Rc1 (26. Bb3 Nf8 $1 27.
Qa2 Ng6 28. Bg3 (28. Nxd5 Nxh4 29. Ne3 Qd7 $11) (28. Bxd5 Bxd5 29. Qxd5 Nxh4
30. Qb7 Rc3 31. Qxa7 Qg6 32. Qb8+ Kh7 33. Qg3 Nf5 34. Qxg6+ Kxg6 $11) 28...
Nge7 $14) 26... Rxc1+ 27. Qxc1 Nf8 28. Qc4 Nf4 (28... Nxe3 $2 29. fxe3 $16 {
[%cal Gd4d5,Gh4g3,Gg3b8]}) 29. Bg3 g5 $2 (29... N8g6 $142) 30. h4 Qxc4 31. Bxc4
N8g6 32. Nf5 $2 ({As shown by Stefansson in the post-mortem} 32. hxg5 $142 {
was winning} hxg5 33. Bxf4 Nxf4 (33... gxf4 34. Nf5) 34. Nf5 {[%csl Ra7,Rb6]
[%cal Gf5d6,Gd6c8]} Kf8 (34... Ne6 35. Nd6 Ba8 36. Bxe6 fxe6 37. Nc8 $18) 35.
Nd6 Bd5 36. Bxd5 Nxd5 37. Nxe4 $18 {There are some technical difficulties, but
objectively speaking the position is won}) 32... gxh4 33. Ne7+ (33. Bxf4 $2
Nxf4 34. Nd6 (34. Nxh6+ Kf8 35. Nxf7 e3 36. fxe3 Nxg2 37. Kf2 Nxe3 $1 38. Kxe3
h3 $19) 34... Ba8 35. Nc8 e3 $1 36. fxe3 Nxg2 $17) 33... Nxe7 34. Bxf4 Bd5 35.
Be2 (35. Bf1 $142) 35... Nf5 36. Bb8 Nxd4 37. Bf1 h3 38. gxh3 Nf3+ 39. Kg2 Nd2
(39... e3 40. fxe3 Nd2+ 41. Kf2 Nxf1 42. Kxf1 Bc4+ 43. Kf2 a6 $11) 40. Be2 e3+
41. Kg1 Bc4 42. Bxc4 Nxc4 (42... exf2+ $2 43. Kxf2 Nxc4 44. a4 Nb2 45. Ke3 Nxa4
46. Kd4 Kf8 47. Bxa7 Ke7 48. Kc4 f5 49. Kb4 Nc5 50. Bxb6 {winning for white}) (
42... Nxc4 {[%cal Ge3e2]} 43. fxe3 Nxa3 44. Bxa7 Nxb5 45. Bxb6 $11) 1/2-1/2

[Event "Linares zt"]
[Site "Linares"]
[Date "1995.??.??"]
[Round "3"]
[White "Arlandi, Ennio"]
[Black "Wells, Peter K"]
[Result "1/2-1/2"]
[WhiteElo "2455"]
[BlackElo "2545"]
[Annotator "Giese"]
[PlyCount "49"]
[EventDate "1995.11.??"]
[EventType "swiss"]
[EventRounds "11"]
[EventCountry "ESP"]
[SourceTitle "CBM 051"]
[Source "ChessBase"]
[SourceDate "1996.04.01"]
[SourceVersion "1"]
[SourceVersionDate "1996.04.01"]
[SourceQuality "1"]

1. d4 Nf6 2. c4 e6 3. Nc3 Bb4 4. Qc2 O-O 5. a3 Bxc3+ 6. Qxc3 Ne4 7. Qc2 f5 8.
e3 c5 9. Bd3 Qg5 10. g3 b6 11. f3 Qf6 12. Nh3 Nd6 13. dxc5 bxc5 14. Rf1 Nc6 15.
Ng1 Rb8 16. Rb1 Ne5 17. Be2 Bb7 18. b3 Qh6 19. Bd1 Ne4 20. Rb2 $10 {[#]} Qxh2
21. Qxh2 (21. fxe4 $2 Qxg3+ 22. Kd2 (22. Ke2 Bxe4 23. Qd2 Bd3+ 24. Qxd3 Qg2+
25. Rf2 Qxf2+ $19) 22... fxe4 {[%cal Gf8f1]} 23. Ne2 Nf3+ 24. Rxf3 Qd6+ $19 {
[%csl Rf3]}) 21... Nd3+ 22. Ke2 Nxc1+ 23. Ke1 Nd3+ 24. Ke2 Nc1+ $10 25. Ke1
1/2-1/2

[Event "Stepanakert-A"]
[Site "Stepanakert"]
[Date "2005.10.11"]
[Round "9"]
[White "Dreev, Alexey"]
[Black "Bologan, Viktor"]
[Result "1/2-1/2"]
[WhiteElo "2694"]
[BlackElo "2682"]
[Annotator "Golod,V"]
[PlyCount "91"]
[EventDate "2005.10.02"]
[EventType "tourn"]
[EventRounds "9"]
[EventCountry "ARM"]
[EventCategory "17"]
[SourceTitle "CBM 110"]
[Source "ChessBase"]
[SourceDate "2006.01.31"]
[SourceVersion "1"]
[SourceVersionDate "2006.01.31"]
[SourceQuality "1"]

1. d4 Nf6 2. c4 e6 3. Nc3 Bb4 4. Qc2 O-O 5. a3 Bxc3+ 6. Qxc3 b6 7. Nf3 Bb7 8.
e3 d5 9. b3 {The main alternative is 9.b4} Nbd7 10. Be2 (10. Qc2 $143 c5 $1 11.
cxd5 Bxd5 12. Bb2 cxd4 13. Bxd4 Rc8 14. Qb2 Qc7 $15 {Grigoriants,S-Jakovenko,D/
Sochi,2005(1/2-1/2)(22)}) 10... c5 11. O-O Rc8 $5 $146 (11... cxd4 $5 12. Qxd4
Nc5 13. Rb1 dxc4 14. Bxc4 Bxf3 15. Qxd8 Rfxd8 16. gxf3 Nd3 $11 {Dobrov,
V-Grischuk,A/INT,2004(1/2-1/2)(39)}) 12. Rd1 cxd4 13. exd4 ({After:} 13. Qxd4
$5 dxc4 14. Bxc4 Bxf3 15. gxf3 Ne5 {צd1} 16. Be2 Qxd4 17. Rxd4 {+/=/= White
keeps a small advantage.}) 13... Ba6 $11 {It's clear that Black doesn't have
any serious problems in this position. Now he starts to pressure on White's
pawns in the centre.} 14. a4 Qc7 (14... dxc4 $143 15. bxc4 Qc7 16. Ba3 Rfe8 17.
Ne5 $14) 15. Ba3 {The logical continuation of White's previous move was:} (15.
a5 $5 b5 16. c5 b4 17. Qe3 Bxe2 18. Qxe2 Ne4 19. Bd2 {+/=/= with the best pawn
structure.}) 15... Rfe8 $6 (15... Rfd8 $142 16. Be7 (16. Ne5 $143 Ne4 17. Qe3
$140 $6 Nxe5 18. dxe5 Qxe5 $15) 16... Re8 17. Bxf6 Nxf6 18. Ne5 Ne4 19. Qe3 f6
20. Nf3 Nd6 $11) 16. Bf1 $6 (16. Ne5 $5 {could be recommended:} dxc4 17. bxc4
$14) 16... dxc4 17. bxc4 e5 {The idea of this move is to destroy White's pawn
centre.} 18. Re1 ({White could fight for an advantage, after:} 18. d5 $5 e4 19.
d6 (19. Nd4 $2 Nxd5 20. Qb2 N5f6 21. Nb5 $44) 19... Qd8 20. Nd4 e3 21. fxe3 Nd5
22. Qd2 Nxe3 23. Re1 Nxf1 (23... Nxc4 $2 24. Qf4 Qf6 25. Qxf6 Nxf6 26. Bb4 $16)
24. Rxe8+ Qxe8 25. Rxf1 Bxc4 (25... Rxc4 $2 26. Re1 Qf8 27. Nf5 $16) 26. Re1
Be6 27. Nf5 Bxf5 28. Rxe8+ Rxe8 {+/=/=}) (18. dxe5 $143 Nxe5 19. Nxe5 Qxe5 20.
Qxe5 Rxe5 $11 {The limited material and the weak "c4" pawn give Black equal
chances in this ending.}) 18... Ng4 {[%csl Rc4,Gc7,Yf3,Gg4,Rh2][%cal Ge5e4,
Ge4f3,Ch2h3,Ch3g4]} 19. h3 (19. dxe5 $143 Ndxe5 20. Nxe5 Nxe5 21. Qg3 f6 $11)
19... exd4 20. Qxd4 {+/=/= I think that White's chances are a bit better, in
this position, thanks to the bishop's pair.} Ngf6 21. Nh4 (21. Bd6 $142 Qc6 22.
Ne5 Nxe5 23. Bxe5 $14) 21... Rxe1 $6 {Viorel Bologan initiates an exchange of
rooks. I'm not sure that this is the correct decision.} (21... Nc5 $5 {
deserves attention:} 22. Nf5 Nce4 23. Nd6 Qd7 (23... Red8 $2 24. Rxe4 Nxe4 25.
Qxe4 Rxd6 26. Bxd6 Qxd6 27. a5 $16 {[%csl Ga1,Ra6]}) 24. a5 bxa5 $13) 22. Rxe1
Re8 23. Rxe8+ Nxe8 24. Nf5 {+/=/+/- After the exchange of rooks, the weak "c4"
pawn will be less painful for White. Because of that, Black will have less
chances to organize his pieces, and so White's advantage is obvious.} Nc5 25.
a5 (25. Qe3 $5 Ne6 26. Ne7+ Kh8 27. Nd5 Qd7 28. a5 $1 bxa5 $140 29. Bd3 {
+/=/+/-}) 25... Bc8 26. axb6 $6 {Why to hurry?} (26. Ne3 $5 Be6 ({or} 26... Nf6
27. Nd5 Nxd5 28. cxd5 Qd6 29. Bb5 {+/=/+/-}) 27. Nd5 Bxd5 28. cxd5 Qd6 29. Bb5
$36) (26. Qe3 $5 Be6 27. Nd4 Nd6 28. Nxe6 Nxe6 29. axb6 axb6 30. Qe5 {+/=/+/-})
26... axb6 {The exchange of pawns, lightens Black's defense.} 27. Ne3 Nf6 28.
Bb2 (28. Nd5 $5 Nxd5 29. cxd5 Qd6 30. Bb5 Bb7 31. Bc4 {+/=/+/-}) 28... Be6 29.
Be2 h6 30. Bf3 Ncd7 31. Bd1 (31. Nd5 $6 Qc5 32. Nxf6+ $140 $6 (32. Qd3 $142)
32... Nxf6 33. Qd8+ Kh7 34. Bxf6 gxf6 35. Qxf6 Qxc4 $11) 31... Nc5 32. Bc2 Ne8
33. f4 $1 $14 {Alexey Dreev has placed his pieces perfectly and starts active
operations. But Black's position is very tough and it's not an easy task to
open it.} f6 34. Nd5 (34. Bg6 $5 Bf7 35. Bxf7+ Kxf7 36. Nd5 $14) 34... Qd6 35.
Qe3 Kf7 (35... Nc7 $5 {also leads to equality:} 36. Nxc7 (36. Nxf6+ $5 gxf6 37.
Qg3+ Kf8 38. Bxf6 Ne8 39. Be5 $44) 36... Qxc7 $11) 36. Nxb6 $5 Qxb6 37. Bd4 Qc7
$2 {A very serious mistake.} ({It was much better to take the pawn immediately:
} 37... Bxc4 $1 38. Bxc5 Qe6 39. Qg3 (39. Qf3 Qd5 40. Qxd5+ Bxd5 $11) 39... f5
40. Bd4 Qe2 $1 41. Qf2 (41. Bxf5 $4 Qd1+ {[%csl Gd1,Rd4,Rg1]}) 41... Qxf2+ 42.
Kxf2 g6 $11) 38. Bxc5 $16 Bxc4 39. Qd4 $2 {By this mistake White lost all of
his advantage.} ({This leads to a win:} 39. Ba4 $1 Qd8 $8 (39... Qc8 $4 40.
Qe7+) (39... Qb8 $4 40. Qe7+ $18) 40. Qe4 Ba2 $8 41. g4 $1 {[%csl Ra2,Ya4,Gc5,
Re8,Rf7][%cal Gf4f5]} Be6 (41... Nc7 $143 42. Bc2 $18) 42. f5 Ba2 43. Qe2 {ץa2
} Bd5 44. Bc6 $1 Bb3 (44... Nc7 45. Bxd5+ Qxd5 $8 46. Qe7+ Kg8 47. Qxc7 Qd1+
48. Kh2 Qe2+ 49. Kg3 Qd3+ (49... Qe1+ 50. Bf2) 50. Kh4 $18) 45. g5 $1 hxg5 46.
Bxe8+ Kg8 (46... Qxe8 $4 47. Qh5+) 47. Bg6 $18) 39... Ba2 40. Ba4 {Too late.
Now Black has time to defend.} Qc8 (40... f5 $5) 41. Bd7 Qa8 42. f5 Kg8 43. Bb4
({This doesn't change anything:} 43. Qa1 Kh7 $1 44. Bxe8 (44. Kh2 Nc7 45. Qd4
Bd5 $11) 44... Qxe8 45. Qxa2 Qe1+ 46. Kh2 Qe5+ 47. Kh1 Qxc5 $11) 43... Nc7 (
43... Bf7 $5) 44. Qd6 (44. Bd6 $142 Qd8 45. Bc5 {+/=/=}) 44... Qe4 $1 $11 45.
Qxc7 (45. Bc5 Bd5 46. Qg3 Bc6 47. Bxc6 Qxc6 $11) 45... Qxb4 46. Qc8+ 1/2-1/2